000 00566nam a2200217Ia 4500
008 101110s9999 xx 000 0 und d
041 _aMARATHI
082 _bSR32463
100 _aAthrawalkar Shashikant Hari
245 _a Indian Economics Paper-3 S.Y.B.A.
260 _c2009
_bSheth Publishers,Mumbai
300 _a200
365 _b75
520 _aEconomics
546 _aMARATHI
630 _a Indian Economics Paper-3 S.Y.B.A.
650 _aEconomics
655 _aEconomics
730 _a Indian Economics Paper-3 S.Y.B.A.
942 _cBOOK
999 _c824965
_d824962